| 000 | 01018nac a22002531u 4500 | ||
|---|---|---|---|
| 010 | _a 2001045521 | ||
| 020 | _a047132244X (cloth : alk. paper) | ||
| 082 | 0 | 0 |
_a621.381 _bZHU |
| 090 |
_c7037 _d7037 |
||
| 100 | _a20080729 | ||
| 245 | 0 | 0 |
_aVacuum microelectronics / _cedited by Wei Zhu. |
| 260 |
_aNew York : _bWiley,2001 _cc2001. |
||
| 300 |
_axiii, 396 p. : _bill. ; _c25 cm. |
||
| 500 | _a"A Wiley interscience publication." | ||
| 500 | _adistributer: Al-Ahram | ||
| 504 | _aIncludes bibliographical references and index. | ||
| 511 | _acatalogued by: wessam | ||
| 650 | 0 | _aVacuum microelectronics. | |
| 700 | 1 |
_aZhu, Wei, _d1963- |
|
| 856 | 4 | 2 |
_3Contributor biographical information _uhttp://www.loc.gov/catdir/bios/wiley042/2001045521.html |
| 856 | 4 | 2 |
_3Publisher description _uhttp://www.loc.gov/catdir/description/wiley034/2001045521.html |
| 856 | 4 | 2 |
_3Table of contents _uhttp://www.loc.gov/catdir/toc/wiley021/2001045521.html |
| 942 |
_cBB _k621.381ZHU |
||
| 999 |
_c7037 _d7037 |
||